| 000 | 00471pab a2200133 454500 | ||
|---|---|---|---|
| 008 | 180718b1984 xxu||||| |||| 00| 0 eng d | ||
| 100 | _aAgarwal, A.L. | ||
| 245 | _aConclusion and recommendations of the symposium on "Future Metropolitan Land - Use Transport Structure of Delhi" 12th December 1983, I.I.T. Delhi | ||
| 260 | _c1984 | ||
| 300 | _a34-5 | ||
| 650 | _aLocal Transportation - India - Delhi | ||
| 773 | _aIndian Review of Management and Future | ||
| 909 | _a12848 | ||
| 999 |
_c12848 _d12848 |
||